Принципы регулирования напряжения линий электропередачи в целях снижения потерь; Интеллектуальные энергосистемы; Т. 1

Bibliographic Details
Parent link:Интеллектуальные энергосистемы: труды IV Международного молодёжного форума, 10-14 октября 2016 г., г. Томск/ Национальный исследовательский Томский политехнический университет (ТПУ), Энергетический институт (ЭНИН).— , 2016
Т. 1.— 2016.— [С. 344-347]
Main Author: Гумовская А. А. Арина Андреевна
Corporate Author: Национальный исследовательский Томский политехнический университет (ТПУ) Энергетический институт (ЭНИН) Кафедра электроэнергетических систем (ЭЭС)
Other Authors: Шестакова В. В. Вера Васильевна (научный руководитель)
Summary:Заглавие с титульного экрана
Language:Russian
Published: 2016
Series:Мой первый шаг в науку (для школьников)
Subjects:
Online Access:http://earchive.tpu.ru/handle/11683/36349
Format: MixedMaterials Electronic Book Chapter
KOHA link:https://koha.lib.tpu.ru/cgi-bin/koha/opac-detail.pl?biblionumber=621546

MARC

LEADER 00000naa2a2200000 4500
001 621546
005 20231101133151.0
035 |a (RuTPU)RU\TPU\conf\20162 
035 |a RU\TPU\conf\20154 
090 |a 621546 
100 |a 20170111d2016 k y0rusy50 ca 
101 0 |a rus 
102 |a RU 
105 |a y z 101zy 
135 |a drcn ---uucaa 
181 0 |a i  
182 0 |a b 
200 1 |a Принципы регулирования напряжения линий электропередачи в целях снижения потерь  |f А. А. Гумовская  |g науч. рук. В. В. Шестакова 
203 |a Текст  |c электронный 
225 1 |a Мой первый шаг в науку (для школьников) 
230 |a 1 компьютерный файл (pdf; 323 Kb) 
300 |a Заглавие с титульного экрана 
320 |a [Библиогр.: с. 347 (4 назв.)] 
461 1 |0 (RuTPU)RU\TPU\conf\20053  |t Интеллектуальные энергосистемы  |o труды IV Международного молодёжного форума, 10-14 октября 2016 г., г. Томск  |o в 3 т.  |f Национальный исследовательский Томский политехнический университет (ТПУ), Энергетический институт (ЭНИН)  |d 2016 
463 1 |0 (RuTPU)RU\TPU\conf\20054  |t Т. 1  |v [С. 344-347]  |d 2016 
610 1 |a труды учёных ТПУ 
610 1 |a электронный ресурс 
610 1 |a регулирование напряжения 
610 1 |a линии электропередачи 
610 1 |a снижение 
610 1 |a потери 
700 1 |a Гумовская  |b А. А.  |c специалист в области электроэнергетики  |c инженер Томского политехнического университета  |f 1999-  |g Арина Андреевна  |2 stltpush  |3 (RuTPU)RU\TPU\pers\47034 
702 1 |a Шестакова  |b В. В.  |c специалист в области электротехники  |c доцент Томского политехнического университета, кандидат технических наук  |f 1968-  |g Вера Васильевна  |2 stltpush  |4 727 
712 0 2 |a Национальный исследовательский Томский политехнический университет (ТПУ)  |b Энергетический институт (ЭНИН)  |b Кафедра электроэнергетических систем (ЭЭС)  |h 6980  |2 stltpush  |3 (RuTPU)RU\TPU\col\18675 
801 2 |a RU  |b 63413507  |c 20211213  |g RCR 
856 4 |u http://earchive.tpu.ru/handle/11683/36349 
942 |c BK